Relation journaliere du voyage du Levant /

محفوظ في:

المؤلف الرئيسي: Beauvau, Henry de, baron (مؤلف)

مؤلفون آخرون: Boustany, Hareth.

التنسيق: كتاب

اللغة: French

منشور في: Beyrouth, Liban : Editions Dar an-Nahar, 2001.

الموضوعات:

الوسوم: إضافة وسم

لا توجد وسوم, كن أول من يضع وسما على هذه التسجيلة!

رقم الطلب: DS47 .B4 2001

LEADER 01069namaa2200289 4500
001 12512
003 OSt
005 20250406090815.0
008 130303s2001 le a 000 0 fre d
020 |a 2705336958 
020 |a 2842893522 
040 |c ARCE Library 
043 |a aw----- 
050 4 |a DS47 .B4 2001 
100 1 |a Beauvau, Henry de,  |c baron,  |e author  |9 26462 
245 1 0 |a Relation journaliere du voyage du Levant /  |c Henry de Beauvau. 
264 1 |a Beyrouth, Liban :  |b Editions Dar an-Nahar,  |c 2001. 
300 |a viii, 307 pages :  |b illustrations ;  |c 23 cm. 
500 |a "lXe Sommet de la francophonie, Beyrouth 2001" -- P. facing title page. 
500 |a Facsimile edition with transcription into modern French and preface and postface by Hareth Boustany. 
500 |a Originally published : Nancy : Iacob Garnich, 1615. 
600 1 0 |a Beauvau, Henry de,  |c baron  |x Travel  |z Middle East.  |9 26462 
651 0 |a Middle East  |x Description and travel  |y Early works to 1800. 
700 1 |a Boustany, Hareth. 
901 |a reviewed 
942 |c BK  |2 lcc 
999 |c 10897  |d 10897